| Поле | Инд. | ПП | Название | Значение |
|---|---|---|---|---|
| Тип записи | a | |||
| Библиографический уровень | b | |||
| 001 | Контрольный номер | RU/IS/BASE/320504305 | ||
| 005 | Дата корректировки | 20240403144225.0 | ||
| 008 | Кодируемые данные | 20100226 | ||
| 040 | b | Код языка каталог. | rus | |
| e | Правила каталог. | PSBO | ||
| 041 | 0_ | a | Код языка текста | rus |
| 084 | a | Индекс другой классификации/Индекс ББК | 81.472.1-003; 81в; 87.228.1 | |
| 100 | 1_ | a | Автор | Овчинникова Е. А. |
| q | Полное имя | Овчинникова Елизавета Александровна | ||
| 245 | 10 | a | Заглавие | Вертикальная ось и испанская языковая картина мира |
| 504 | a | Библиография | Библиогр.: с. 190 - 191 | |
| 520 | 0_ | a | Аннотация | В данной статье рассматривается языковое представление о вертикальной оси, ее особое место в восприятии человеком окружающего мира, значение бинарной пространственной оппозиции "вверх - низ" для испанского менталитета. Анализируются различные части речи, при помощи которых может быть выражена данная пространственная ориентация |
| 650 | 04 | a | Основная рубрика | филологические науки |
| a | Основная рубрика | философия | ||
| a | Основная рубрика | философия языка; испанский язык | ||
| a | Основная рубрика | частное языкознание | ||
| a | Основная рубрика | языкознание | ||
| 653 | 0_ | a | Ключевые слова | испанцы |
| a | Ключевые слова | менталитет | ||
| a | Ключевые слова | ментальность | ||
| a | Ключевые слова | пространственная модель мира | ||
| a | Ключевые слова | пространственная оппозиция | ||
| a | Ключевые слова | пространство | ||
| a | Ключевые слова | языковая картина мира | ||
| 773 | 18 | t | Заглавие источника | Вестник Московского университета. Серия 9, Филология |
| d | Дата издания источника | 2009 | ||
| g | Прочая информация | № 5. - С. 184 - 191 | ||
| w | Контрольный № источника | RU/IS/BASE/317399320 | ||
| 901 | t | Тип документа | b |